Poslední výkřik /
Hledali smrt, nebo si je našla sama? Druhý případ Lexi Bennettové.
Uloženo v:
| Série: | Inspektorka Lexi Bennettová,
část 2 |
|---|---|
| Hlavní autor: | |
| Další autoři: | |
| Médium: | E-kniha |
| Jazyk: | Czech |
| Vydáno: |
Praha :
Kniha Zlin,
2025
|
| Vydání: | Vydání první |
| Témata: | |
| Příbuzné jednotky: | Z cyklu::
Inspektorka Lexi Bennettová |
| Tagy: |
Žádné tagy |
| LEADER | 02563nam a2200481 i 4500 | ||
|---|---|---|---|
| 001 | 312638 | ||
| 003 | CZ PrSKC | ||
| 005 | 20260601215726.0 | ||
| 007 | ta | ||
| 008 | 250221s2025 xr g 000 f cze | ||
| 015 | |a cnb003673513 | ||
| 020 | |a 9788076627901 |q (vázáno) | ||
| 035 | |a (OCoLC)1514347620 | ||
| 040 | |a ABG001 |b cze |d ABA001 |e rda | ||
| 041 | 1 | |a cze |h eng | |
| 072 | 7 | |a 821.111-3 |x Anglická próza, anglicky psaná |2 Konspekt | |
| 080 | |a 821.111-31 |2 MRF | ||
| 080 | |a (0:82-312.4) |2 MRF | ||
| 100 | 1 | |a Belsham, Alison |7 mzk20181009027 |4 aut | |
| 240 | 1 | 0 | |a Girl's last cry. |l Česky |
| 245 | 1 | 0 | |a Poslední výkřik / |c Alison Belshamová ; přeložila Anna Matoušková |
| 250 | |a Vydání první | ||
| 264 | 1 | |a Praha : |b Kniha Zlin, |c 2025 | |
| 300 | |a 364 stran ; |c 21 cm | ||
| 336 | |a text |b txt |2 rdacontent | ||
| 337 | |a bez média |b n |2 rdamedia | ||
| 338 | |a svazek |b nc |2 rdacarrier | ||
| 500 | |a Přeloženo z angličtiny | ||
| 520 | 2 | |a Hledali smrt, nebo si je našla sama? Druhý případ Lexi Bennettové. |b Detektiv Lexi Bennettová se prochází ulicemi Canterbury, když zaslechne křik. Pod jednou z městských věží najde ležet tělo dospívající dívky. Skočila, spadla, nebo ji někdo strčil? Oliviini zoufalí rodiče tvrdí, že jejich dcera, talentovaná hudebnice, neměla pro sebevraždu důvod - a to samé tvrdí Lexiin synovec Sam, který Olivii znal. Když dojde k podobné události, rozhodne se Lexi dokázat, že jde o dílo sériového vraha. Dokáže ho zastavit dřív, než se nelítostný zabiják zaměří i na její rodinu? Nakladatelská anotace. | |
| 655 | 7 | |a anglické romány |7 fd131814 |2 czenas | |
| 655 | 7 | |a detektivní romány |7 fd132010 |2 czenas | |
| 655 | 7 | |a thrillery (romány) |7 fd184206 |2 czenas | |
| 655 | 9 | |a English fiction |2 eczenas | |
| 655 | 9 | |a detective novels |2 eczenas | |
| 655 | 9 | |a thrillers (novels) |2 eczenas | |
| 700 | 1 | |a Matoušková, Anna |7 xx0317182 |4 trl | |
| 787 | 0 | 8 | |i Z cyklu: |t Inspektorka Lexi Bennettová |g 2 |
| 900 | |a ABA001 |b 21 | ||
| 928 | 9 | |a Albatros Media - Kniha Zlin | |
| 044 | |a xr | ||
| 910 | |a RBIT002 | ||
| 998 | |d 417323 |a https://core.palmknihy.cz/api/books/417323/cover?srjvse |b https://core.palmknihy.cz/api/books/417323/cover/400?srjvse |c https://core.palmknihy.cz/api/books/417323/cover/50?srjvse |e 2030-09-26 |g 368 |i 9788076627901 |j https://core.palmknihy.cz/api/books/417323/preview.epub |k https://core.palmknihy.cz/api/books/417323/preview.pdf |l |q 49 |r 1 |s https://www.palmknihy.cz/kniha/417323 |t ebook |y 2025 |z 0 |v Inspektorka Lexi Bennettová |w 2 | ||
| 999 | |d 312636 | ||